Hand Me My Shovel, I'm Going In! - Will Wood and the Tapeworms Lyrics - Statistics

General Stats
  • This quiz has been taken 30 times
    16 since last reset
  • The average score is 490 of 561
Answer Stats
Lyrics % Correct
2012
100%
a
100%
And
100%
and
100%
blind
100%
bottom
100%
by
100%
enough,
100%
enough
100%
even
100%
face
100%
heart
100%
her
100%
hit
100%
I
100%
In
100%
in
100%
in!
100%
is
100%
It
100%
it
100%
me
100%
me,
100%
me"
100%
me!
100%
My
100%
my
100%
need
100%
never
100%
No,
100%
not
100%
of
100%
pickpocket
100%
prove
100%
saw
100%
stolen
100%
summer
100%
the
100%
This
100%
this
100%
to
100%
was
100%
yet
100%
city
88%
could
88%
deep
88%
entry
88%
get
88%
get,
88%
Gotta
88%
gotta
88%
gotta-
88%
Hand
88%
I'm
88%
point
88%
see
88%
streets
88%
you
88%
back
75%
back"
75%
be
75%
been
75%
Between
75%
blame
75%
bookmark
75%
'cause
75%
DSM
75%
fall
75%
glass
75%
going
75%
"Heaven
75%
it's
75%
just
75%
look
75%
Looking
75%
remember
75%
say,
75%
seems
75%
shovel,
75%
So
75%
stained
75%
Take
75%
that
75%
unlikely
75%
up
75%
up,
75%
we
75%
where
75%
who
75%
window
75%
with
75%
With
75%
All
63%
are
63%
beneath
63%
black
63%
boots
63%
break
63%
brick
63%
But
63%
down,
63%
dreams
63%
found
63%
from
63%
grace
63%
ground
63%
If
63%
Jesus
63%
like
63%
memory
63%
name
63%
on
63%
picking
63%
place,
63%
putting
63%
reminds
63%
right
63%
saved
63%
sent
63%
soul
63%
still
63%
them
63%
threw
63%
through
63%
Underneath
63%
well,
63%
were
63%
we've
63%
your
63%
believe
50%
boy
50%
call
50%
crushed
50%
curb
50%
"Don't
50%
empty
50%
higher
50%
Him
50%
how
50%
kills
50%
molars
50%
more
50%
More
50%
or
50%
pieces,
50%
road
50%
shattered
50%
Sober
50%
tall
50%
tell
50%
there's
50%
When
50%
you'll
50%
backwash
38%
barrel?
38%
blackout
38%
Bottle,
38%
last
38%
much
38%
ow!
38%
plenty
38%
soiled
38%
swill
38%
too
38%
around
25%
came
25%
drank,
25%
Dug,
25%
impact
25%
killed
25%
out
25%
poured
25%
spill
25%
No matching quizzes found
Score Distribution
Percent of People with Each Score
Percentile by Number Answered
Your Score History
You have not taken this quiz since the last reset